=LDR 00000nam 2200000 4500 =001 INLIS000000000049621 =005 20170306083538.0 =006 =007 =008 =020 ##$$a 978 - 602 - 74024 - 6 - 1 =035 ##$$0010-031700000000066 =040 ##$$a NBPDMAT =082 ##$$a 340 =084 ##$$a 340 nur p =100 ##$$a Nuruddin =245 ##$$a Pengantar ilmu hakim / $c Drs. Nuruddin , MH . ; $b editor Drs, Moh. asyiq Amallah, M. AG =260 ##$$a Mataram : $b IAIN mataram , $c 2015 =300 ##$$a ix,166 hlm : $c 23 cm =500 ##$$a Biografi : hlm.165 - 166 =650 ##$$a Ilmu hukum =700 ##$$a Moh. Asyiq Amallah